000 00750cas a22002175a 4500
001 L130964
008 050920d19921999xxkzx p eng u
035 _a(Sirsi) u130964
041 0 _aeng
110 2 _aRoyal Institution of Chartered Surveyors
_94900
245 0 4 _aThe Impugner
_bQuarterly Journal of the RICS Rating Diploma Holders' Section
260 _aLondon
_bRICS
_c1992-[1999]
362 _aLondon: March 1992-3(3) July 1999
362 0 _aLondon: 3(1) April 1999-3(3) July 1999
362 0 _aEdinburgh: 3(1) April 1999-3(3) July 1999
554 _airregular
651 4 _aENGLAND AND WALES
690 _aPROPERTY-PROPERTY TAXATION
780 0 0 _tRating Diploma
_bNewsletter of the RICS Rating Diploma Holder's Section
942 _n0
999 _c118821
_d118821